|
|
|
|
| LEADER |
00000cam a2200000 a 4500 |
| 001 |
vtls008368331 |
| 003 |
SK-MaSNL |
| 005 |
20260302052725.0 |
| 008 |
250313s1945 xo d 001 0 slo |
| 015 |
|
|
|a SNBA19451955-001936
|
| 035 |
|
|
|a SK01SNKBKSFS20020060548
|
| 035 |
|
|
|a urn:nbn:sk:snk-am3i1z2
|
| 035 |
|
|
|a 871E371F-A726-41BC-98F0-66E673A4095C
|
| 035 |
|
|
|a urn:nbn:sk:snk-am00dh18
|
| 035 |
|
|
|a SKM000063011
|
| 040 |
|
|
|a SNK
|b slo
|c SNK
|e AACR2
|
| 041 |
0 |
|
|a slo
|a rus
|
| 044 |
|
|
|a xo
|c SK
|
| 080 |
|
|
|a 801.323.2
|2 1981
|
| 080 |
|
|
|a 808.54(038)
|2 1981
|
| 080 |
|
|
|a 808.2(038)
|2 1981
|
| 100 |
1 |
|
|a Detrich, Július,
|d 1874-1946
|4 aut
|4 com
|9 124706
|
| 245 |
1 |
0 |
|a Slovník slovensko-ruský
|c slovenský text pripravil a sostavil: Július Detrich ; ruskú časť spracoval: Pavel Kirilčuk
|
| 246 |
1 |
0 |
|a Slovar' slovacko-russkij
|
| 260 |
|
|
|a Ružomberok
|b Koruna
|c 1945
|e Ružomberok
|f Štecko a Trepáč
|
| 300 |
|
|
|a 336 s.
|c 8°
|
| 650 |
0 |
7 |
|a slovenčina
|2 SNKPH
|9 1350
|
| 650 |
0 |
7 |
|a ruština
|2 SNKPH
|9 1346
|
| 655 |
|
7 |
|a prekladové slovníky
|2 SNKPH
|9 78678
|
| 655 |
|
7 |
|a dvojjazyčné slovníky
|2 SNKPH
|9 73034
|
| 700 |
1 |
|
|a Kirilčuk, Pavel
|c (prekladateľ)
|4 aut
|9 63466
|
| 852 |
|
|
|a Slovenská národná knižnica
|
| 958 |
|
|
|a OND
|
| 958 |
|
|
|a RK
|
| 958 |
|
|
|a TL
|
| 999 |
|
|
|c 1106394
|d 1108324
|
| 952 |
|
|
|a SNK
|b SNK
|y PREZ
|7 0
|p 17A0912713
|o snkSD 5149
|i snk266/45
|0 0
|1 0
|4 0
|d 2018-07-17
|f 1
|l 0
|r 2025-11-12 00:00:00
|w 2026-02-24
|